Teoría de conflictos : hacia un nuevo paradigma /

Guardat en:
Dades bibliogràfiques
Autor principal: Entelman, Remo F. (autor)
Format: Llibre
Idioma:espanyol
Publicat: Barcelona, España : Gedisa, 2002, c2002
Col·lecció:(Prevención, Administración y Resolución de Conflictos. Fundamentos)
Matèries:
Etiquetes: Afegir etiqueta
Sense etiquetes, Sigues el primer a etiquetar aquest registre!

MARC

LEADER 00000nam^a2200000^a^4500
001 000158088
005 20250521000000.0
009 20260310100600.108
020 |a 84-7432-944-2 
037 |a Acervo ITESO - Biblioteca 
041 |a ESP 
082 |a 303. 6  |b ENT 
100 |a Entelman, Remo F.  |e (autor) 
245 1 0 |a Teoría de conflictos :  |b hacia un nuevo paradigma /  |c R.F. Entelman. 
264 4 |a Barcelona, España :  |b Gedisa,  |c 2002, c2002 
300 |a 223 p. 
336 |a texto  |b txt  |2 rdacontenido 
337 |a sin mediación  |b n  |2 rdamedio 
338 |a volumen  |b nc  |2 rdasoporte 
440 1 |a (Prevención, Administración y Resolución de Conflictos.  |p Fundamentos) 
649 |a XX 
650 |a Liderazgo 
650 |a Poder (Ciencias Sociales) 
650 |a Negociación y Mediación 
650 |a Negociación y Mediación 
650 |a Conflicto Social 
650 |a Conflicto (Relaciones Personales) 
650 |a Relaciones Familiares 
650 |a Relaciones Empleado-Empleador 
650 |a Interacción Social 
650 |a Problemas Sociales 
650 |a Recursos Humanos 
650 |a Administración 
650 |a Psicología Laboral 
650 |a Psicología 
650 |a Sociología 
910 |a Fondo General 
920 |a Impresos - Libros 
930 |a Colección General 
905 |a 101 
901 |a 0500089767  |b IT1  |c ACC  |u 20250521 
901 |a 0500102177  |b IT1  |c ACC  |u 20250521 
902 |a https://opac.biblio.iteso.mx/vufind/Record/000158088